00763cam a22002171 4500001001300000003000400013005001700017008004100034010001700075035002000092040001800112042001200130050002900142100002900171245015000200260004000350300003000390490007000420651003800490999001700528g 01001648 DLC20260227111255.0890214s1890 gw 000 0 ger  ag 01001648  a(OCoLC)19213358 aDLCcWaUdDLC apremarc00aHB41b.S7 bd. 10, heft 31 aPringsheim, Otto,d1860-10aBeiträge zur wirtschaftlichen Entwickelungsgeschichte der Vereinigten Niederlande im 17. und 18. Jahrhundert.cVon Dr. phil Otto Pringsheim ... aLeipzig,bDuncker & Humblot,c1890. aviii, 126, [2] p.c23 cm.0 aStaats- und sozialwissenschaftliche Forschungen,v10. Bd. 3. Hft. 0aNetherlandsxEconomic conditions. c23800d23800